Valores de Puerto Rico / (Record no. 103600)
[ view plain ]
| 000 -LEADER | |
|---|---|
| campo de control de longitud fija | 00546nam a2200181 i 4500 |
| 001 - NÚMERO DE CONTROL | |
| campo de control | 103600 |
| 003 - IDENTIFICADOR DE NÚMERO DE CONTROL | |
| campo de control | ES-MaACL |
| 005 - FECHA Y HORA DE LA ÚLTIMA TRANSACCIÓN | |
| campo de control | 20230906183415.0 |
| 007 - CAMPO FIJO DE DESCRIPCIÓN FÍSICA--INFORMACIÓN GENERAL | |
| campo de control de longitud fija | t| |
| 008 - DATOS DE LONGITUD FIJA--INFORMACIÓN GENERAL | |
| campo de control de longitud fija | 060421s1943 pr ||||1| spa d |
| 080 ## - NÚMERO DE LA CLASIFICACIÓN DECIMAL UNIVERSAL | |
| Número de la Clasificación Decimal Universal | 929(729.5) |
| 100 1# - ENTRADA PRINCIPAL--NOMBRE DE PERSONA | |
| Nombre de persona | Geigel Polanco, Vicente. |
| 9 (RLIN) | 56211 |
| 245 10 - MENCIÓN DEL TÍTULO | |
| Título | Valores de Puerto Rico / |
| Mención de responsabilidad, etc. | Vicente Geigel Polanco. |
| 260 ## - PUBLICACIÓN, DISTRIBUCIÓN, ETC. | |
| Lugar de publicación, distribución, etc. | San Juan, Puerto Rico : |
| Nombre del editor, distribuidor, etc. | Eugenio María de Hostos, |
| Fecha de publicación, distribución, etc. | 1943. |
| 300 ## - DESCRIPCIÓN FÍSICA | |
| Extensión | 169 p. ; |
| Dimensiones | 18 cm. |
| 650 14 - PUNTO DE ACCESO ADICIONAL DE MATERIA--TÉRMINO DE MATERIA | |
| Término de materia o nombre geográfico como elemento de entrada | Puertorriqueños- |
| Subdivisión general | Biografías. |
| 9 (RLIN) | 16618 |
| 852 ## - LOCALIZACIÓN | |
| Ubicación | ES-MaACL |
| Número de control de estantería | C-56836 |
| Sublocalización o colección | R.137444 |
| Estatus retirado | Estado de pérdida | Estado de daño | No para préstamo | Biblioteca de origen | Biblioteca actual | Ubicación en estantería | Fecha de adquisición | Fuente de adquisición | Total de préstamos | Signatura topográfica completa | Código de barras | Visto por última vez | Precio de reemplazo | Tipo de ítem Koha |
|---|---|---|---|---|---|---|---|---|---|---|---|---|---|---|
| Biblioteca del Ateneo de Madrid | Biblioteca del Ateneo de Madrid | Depósito 2 | 17/01/2008 | C-56836 | 1108168 | 23/02/2023 | 23/02/2023 | Libro impreso |
